[Event "Grand Rapids (MI Am/2/32)"]
[Site "?"]
[Date "1994.??.??"]
[Round "?"]
[White "Seibert, S."]
[Black "Smith, F."]
[Result "1-0"]
[WhiteElo "1605"]
[BlackElo "1605"]
[PlyCount "37"]
[EventDate "1994.??.??"]

{2/(32)} 1. e4 e5 2. Nf3 d6 3. Nc3 Nf6 4. d4 exd4 5. Nxd4 Bd7 6. f4 Nc6 7. h3
Be7 8. g4 O-O 9. g5 Ne8 10. Nd5 a6 11. f5 f6 12. g6 h6 13. Ne6 Bxe6 14. fxe6
Ne5 15. Qh5 Qc8 16. Nxe7+ Kh8 17. Nxc8 Rxc8 18. Bxh6 gxh6 19. Qxh6+ 1-0

[Event "Grand Rapids (MI Am/5/24)"]
[Site "?"]
[Date "1994.??.??"]
[Round "?"]
[White "Seibert, S."]
[Black "Smeckert, Dennis"]
[Result "0-1"]
[WhiteElo "1605"]
[BlackElo "1605"]
[PlyCount "98"]
[EventDate "1994.??.??"]

{5/(24)} 1. e4 e5 2. Nf3 Nc6 3. d4 Nxd4 4. Nxd4 exd4 5. Qxd4 d6 6. f4 Ne7 7.
Nc3 Nc6 8. Bb5 Bd7 9. Bxc6 Bxc6 10. Nd5 Qd7 11. c4 Rg8 12. b4 Bxd5 13. exd5 g5
14. Bb2 Bg7 15. Qe3+ Qe7 16. Qxe7+ Kxe7 17. Bxg7 Rxg7 18. f5 f6 19. O-O-O b5
20. c5 a5 21. a3 dxc5 22. bxc5 Re8 23. Rhe1+ Kd8 24. Rxe8+ Kxe8 25. Re1+ Kd8
26. Re6 Rd7 27. d6 cxd6 28. cxd6 Rf7 29. Kc2 Kd7 30. Kc3 Rf8 31. Kd4 b4 32. Kc5
Rc8+ 33. Kb5 bxa3 34. Re3 Kxd6 35. Rxa3 Rc5+ 36. Kb6 Rxf5 37. g4 Re5 38. h3 Ke6
39. h4 h6 40. h5 Re4 41. Rxa5 Rxg4 42. Kc5 Re4 43. Ra6+ Kf5 44. Rc6 g4 45. Kd5
Re1 46. Rc2 Kg5 47. Rg2 f5 48. Kd4 Kxh5 49. Kd3 Re8 0-1

[Event "Grand Rapids (MI Am/4/15)"]
[Site "?"]
[Date "1994.??.??"]
[Round "?"]
[White "Seibert, S."]
[Black "Posthumus, J."]
[Result "0-1"]
[WhiteElo "1605"]
[BlackElo "1855"]
[PlyCount "80"]
[EventDate "1994.??.??"]

{4/(15)} 1. e4 d6 2. d4 g6 3. c4 Bg7 4. Nf3 Nf6 5. Nc3 O-O 6. h3 c5 7. Be3 Qa5
8. Bd3 cxd4 9. Bxd4 Nc6 10. O-O Nxd4 11. Nxd4 Nh5 12. Nde2 Qg5 13. f4 Qc5+ 14.
Kh2 Be6 15. g4 Nf6 16. f5 Bxc4 17. Bxc4 Qxc4 18. b3 Qc6 19. Nd5 Nxd5 20. Qxd5
Qxd5 21. exd5 Bxa1 22. Rxa1 Rac8 23. a4 Rc2 24. Re1 Rfc8 25. Kg3 Rb2 26. Nd4
Kf8 27. fxg6 hxg6 28. h4 Rc3+ 29. Kf4 Rf2+ 30. Kg5 Rg2 31. Re4 Rc5 32. Rf4
Rxd5+ 33. Kh6 Kg8 34. h5 gxh5 35. gxh5 Rgg5 36. Nf5 Rdxf5 37. Rxf5 Rxf5 38. b4
f6 39. Kg6 Rg5+ 40. Kh6 Kf7 0-1

[Event "Detroit (Class C/5/10)"]
[Site "?"]
[Date "1994.??.??"]
[Round "?"]
[White "Seegers, P."]
[Black "West, Tony"]
[Result "0-1"]
[WhiteElo "1605"]
[BlackElo "1605"]
[PlyCount "60"]
[EventDate "1994.??.??"]

{5/(10)} 1. e4 c5 2. Nf3 Nc6 3. Bb5 Nf6 4. d3 Nd4 5. O-O Nxb5 6. c3 d6 7. Qe2
Nc7 8. e5 dxe5 9. Nxe5 e6 10. Nd2 Nd7 11. Ndc4 Nxe5 12. Nxe5 f6 13. Nf3 Be7 14.
Be3 O-O 15. Rae1 Nd5 16. Bd2 Bd6 17. d4 cxd4 18. cxd4 Bb4 19. a3 Bxd2 20. Qxd2
Bd7 21. Rc1 Bc6 22. Rfe1 Nc7 23. Qe3 Rc8 24. Qb3 Qd5 25. Qxd5 Nxd5 26. Nd2 Nf4
27. Rc3 Nxg2 28. Rec1 Nf4 29. Kf1 Bb5+ 30. Ke1 Ne2 0-1

[Event "Detroit (Class C/1/11)"]
[Site "?"]
[Date "1994.??.??"]
[Round "?"]
[White "Seegers, P."]
[Black "Gregg, Ted"]
[Result "1-0"]
[WhiteElo "1605"]
[BlackElo "1605"]
[PlyCount "103"]
[EventDate "1994.??.??"]

{1/(11)} 1. e4 e5 2. Nf3 Nc6 3. Bb5 a6 4. Ba4 Nf6 5. O-O Be7 6. Re1 b5 7. Bb3
O-O 8. c3 d5 9. exd5 Nxd5 10. Nxe5 Nxe5 11. Rxe5 Nf6 12. d4 Bd6 13. Re1 Ng4 14.
h3 Qh4 15. Qf3 Be6 16. Bf4 Nf6 17. Bxd6 cxd6 18. Nd2 Rae8 19. Re3 Qg5 20. Rae1
Bxb3 21. axb3 d5 22. Qg3 Qxg3 23. fxg3 Rxe3 24. Rxe3 Re8 25. Kf2 Ne4+ 26. Nxe4
Rxe4 27. Rxe4 dxe4 28. g4 g6 29. Ke3 f5 30. gxf5 gxf5 31. g4 fxg4 32. hxg4 Kf7
33. Kxe4 Ke6 34. d5+ Kd6 35. Kd4 h6 36. c4 bxc4 37. bxc4 a5 38. c5+ Kc7 39. Ke5
a4 40. Ke6 Kd8 41. d6 Ke8 42. c6 Kd8 43. c7+ Kc8 44. Ke7 Kb7 45. d7 Kxc7 46.
d8=Q+ Kc6 47. Qd4 Kb5 48. Kd6 a3 49. bxa3 h5 50. Qc5+ Ka6 51. Kc7 hxg4 52. Qb6#
1-0

[Event "Detroit (Class C/3/1)"]
[Site "?"]
[Date "1994.??.??"]
[Round "?"]
[White "Seegers, P."]
[Black "Boyle, John"]
[Result "0-1"]
[WhiteElo "1605"]
[BlackElo "1605"]
[PlyCount "116"]
[EventDate "1994.??.??"]

{3/(1)} 1. e4 c5 2. Nf3 d6 3. c3 Nf6 4. Bb5+ Bd7 5. Ba4 Nxe4 6. d3 Nf6 7. O-O
g6 8. Bg5 Bg7 9. Bb3 O-O 10. Nbd2 Nc6 11. Ne4 Nxe4 12. dxe4 h6 13. Bf4 b5 14.
c4 bxc4 15. Bxc4 Bg4 16. Bd5 Rc8 17. Qd2 Bxf3 18. Bxc6 Rxc6 19. gxf3 g5 20. Bg3
Rb6 21. Rab1 Qb8 22. e5 Bxe5 23. Bxe5 dxe5 24. Qc3 f6 25. Rfd1 Qc7 26. Qc4+ Kg7
27. a3 Rd6 28. b4 Rfd8 29. Rdc1 Rc8 30. b5 Qb7 31. Rc2 Qxf3 32. Qe2 Qxe2 33.
Rxe2 Rb6 34. Rc2 a6 35. a4 axb5 36. axb5 c4 37. Kf1 Rc5 38. Ke2 Rbxb5 39. Rxb5
Rxb5 40. Rxc4 Rb2+ 41. Kf3 h5 42. h3 f5 43. Rc3 g4+ 44. hxg4 hxg4+ 45. Kg3 Rd2
46. f3 gxf3 47. Kxf3 e4+ 48. Ke3 Rd3+ 49. Rxd3 exd3 50. Kxd3 e5 51. Ke3 f4+ 52.
Kf3 Kg6 53. Kg4 Kf6 54. Kf3 Kf5 55. Ke2 Ke4 56. Kf2 f3 57. Kg1 Ke3 58. Kf1 f2
0-1

[Event "Ann Arbor (MLS Oct-Nov)"]
[Site "?"]
[Date "1994.??.??"]
[Round "?"]
[White "Sedgwick, D."]
[Black "Cooper, Stephen"]
[Result "1-0"]
[WhiteElo "1850"]
[BlackElo "1605"]
[PlyCount "25"]
[EventDate "1994.??.??"]

1. e4 c5 2. Nf3 Nc6 3. d4 cxd4 4. Nxd4 Nxd4 5. Qxd4 e6 6. Nc3 d6 7. Be2 Be7 8.
Qxg7 Bf6 9. Qg3 Qa5 10. Bd2 Be5 11. Qe3 Bd7 12. f4 Bg7 13. Nb5 1-0

[Event "Detroit (MI Op/3/7)"]
[Site "?"]
[Date "1994.??.??"]
[Round "?"]
[White "Seawald, Dennis"]
[Black "Jarosz, Stan"]
[Result "1-0"]
[WhiteElo "2230"]
[BlackElo "2085"]
[PlyCount "85"]
[EventDate "1994.??.??"]

{3/(7)} 1. e4 e6 2. d4 d5 3. Nd2 c5 4. exd5 exd5 5. Ngf3 Nc6 6. Bb5 Bd6 7. dxc5
Bxc5 8. O-O Nge7 9. Nb3 Bd6 10. Bg5 O-O 11. Re1 Qc7 12. h3 h6 13. Be3 Rd8 14.
Nbd4 Nf5 15. Nxf5 Bxf5 16. c3 Na5 17. Nd4 Bh7 18. Qg4 Qc8 19. Be2 Qxg4 20. Bxg4
Nc4 21. Bc1 Ne5 22. Bf5 Bxf5 23. Nxf5 Nd3 24. Rd1 Nxc1 25. Raxc1 Bf4 26. Rc2
Kf8 27. g3 Bg5 28. h4 Bf6 29. Rcd2 b5 30. Rxd5 Rxd5 31. Rxd5 b4 32. cxb4 Bxb2
33. Rd7 Bf6 34. b5 Bd8 35. a4 Bb6 36. Nd6 Rd8 37. Rxd8+ Bxd8 38. Nc8 Ke8 39.
Nxa7 Kd7 40. Nc6 Bc7 41. a5 Kc8 42. b6 Bd6 43. a6 1-0

[Event "Detroit (MI Op/7/2)"]
[Site "?"]
[Date "1994.??.??"]
[Round "?"]
[White "Seawald, Dennis"]
[Black "Finegold, Mark"]
[Result "1/2-1/2"]
[WhiteElo "2230"]
[BlackElo "2225"]
[PlyCount "106"]
[EventDate "1994.??.??"]

{7/(2)} 1. e4 c5 2. Nf3 Nc6 3. d4 cxd4 4. Nxd4 Nf6 5. Nc3 e6 6. Ndb5 d6 7. Bf4
e5 8. Bg5 a6 9. Na3 b5 10. Bxf6 gxf6 11. Nd5 Bg7 12. g3 Ne7 13. Bg2 Bb7 14.
Nxe7 Qxe7 15. O-O f5 16. exf5 e4 17. c3 O-O 18. Nc2 Qe5 19. Qh5 Rad8 20. Rae1
a5 21. Ne3 f6 22. Nc2 Bd5 23. Qg4 Rfe8 24. f3 Bxa2 25. Rxe4 Qc5+ 26. Nd4 Bd5
27. Rxe8+ Rxe8 28. Kh1 Kh8 29. f4 b4 30. Bxd5 Qxd5+ 31. Qf3 Qxf3+ 32. Rxf3 Rb8
33. Ne6 b3 34. Rf1 a4 35. Ra1 Ra8 36. Nd4 Bf8 37. Nxb3 d5 38. Nd4 h5 39. Kg2
Kh7 40. Kf3 a3 41. b4 a2 42. h4 Ra3 43. Nb5 Rb3 44. Rxa2 Bxb4 45. Rd2 Bc5 46.
Nd4 Rxc3+ 47. Kg2 Bb4 48. Rd1 Ra3 49. Ne6 Ra2+ 50. Kf3 Ra3+ 51. Kg2 Ra2+ 52.
Kf3 Ra3+ 53. Kg2 Ra2+ 1/2-1/2

[Event "Detroit (MCO/Ch/5/1)"]
[Site "?"]
[Date "1994.??.??"]
[Round "?"]
[White "Seawald, Dennis"]
[Black "Finegold, Ben"]
[Result "0-1"]
[WhiteElo "2275"]
[BlackElo "2620"]
[PlyCount "58"]
[EventDate "1994.??.??"]

{5/(1)} 1. e4 c5 2. Nf3 Nc6 3. d4 cxd4 4. Nxd4 Nf6 5. Nc3 d6 6. Bc4 Qb6 7. Nde2
e6 8. O-O a6 9. Bb3 Be7 10. Bg5 Ne5 11. Ng3 h6 12. Bxf6 gxf6 13. a4 Bd7 14. Re1
Rg8 15. Nf1 Rc8 16. Ne3 Qb4 17. f4 Ng6 18. f5 Ne5 19. fxe6 fxe6 20. Qh5+ Kd8
21. Qh3 d5 22. Kh1 d4 23. Bxe6 Qxb2 24. Bxd7 Rxc3 25. Qe6 Rxe3 26. Qxg8+ Kxd7
27. Reb1 Ra3 28. Qd5+ Kc8 29. Qe6+ Kb8 0-1

[Event "Grand Rapids (MI Am/4/24)"]
[Site "?"]
[Date "1994.??.??"]
[Round "?"]
[White "Scriber, Darin"]
[Black "Jackson, Don"]
[Result "1-0"]
[WhiteElo "1670"]
[BlackElo "1605"]
[PlyCount "29"]
[EventDate "1994.??.??"]

{4/(24)} 1. e4 g5 2. d4 h6 3. h4 Bg7 4. hxg5 c5 5. gxh6 Bxd4 6. c3 Be5 7. f4
Bc7 8. Qg4 Nxh6 9. Rxh6 Rf8 10. Bc4 d6 11. Qh5 e6 12. f5 d5 13. fxe6 dxc4 14.
exf7+ Ke7 15. Bg5+ 1-0

[Event "Grand Rapids (MI Am/2/5)"]
[Site "?"]
[Date "1994.??.??"]
[Round "?"]
[White "Scriber, Darin"]
[Black "Evans Sr., Thomas"]
[Result "0-1"]
[WhiteElo "1670"]
[BlackElo "1910"]
[PlyCount "86"]
[EventDate "1994.??.??"]

{2/(5)} 1. e4 c5 2. d4 cxd4 3. c3 dxc3 4. Nxc3 e5 5. Nf3 d6 6. Bc4 Qc7 7. Qe2
Nc6 8. O-O Bg4 9. Be3 Nd4 10. Bxd4 Bxf3 11. Nd5 Bxe2 12. Nxc7+ Kd7 13. Nxa8
Bxf1 14. Bxf1 exd4 15. Rc1 Ne7 16. Nc7 Nc6 17. Nd5 Be7 18. Rd1 Bd8 19. Be2 h5
20. b4 a6 21. a4 Bf6 22. b5 Ne5 23. Nxf6+ gxf6 24. bxa6 bxa6 25. Bxa6 Rg8 26.
Kf1 d3 27. Bxd3 Nxd3 28. Rxd3 Ra8 29. Ra3 Kc6 30. Ke2 Ra5 31. Kd3 Kc5 32. Rc3+
Kb6 33. Rb3+ Kc6 34. Rb4 f5 35. g3 fxe4+ 36. Rxe4 d5 37. Rd4 Kd6 38. Kc3 Kc5
39. Rb4 f6 40. Kb3 d4 41. Rc4+ Kd5 42. f3 f5 43. Kb4 Rxa4+ 0-1

[Event "Eastpointe (US Am N/6/18)"]
[Site "?"]
[Date "1994.??.??"]
[Round "?"]
[White "Scott, Steven"]
[Black "Walquist, Elaine"]
[Result "1-0"]
[WhiteElo "1860"]
[BlackElo "1605"]
[PlyCount "71"]
[EventDate "1994.??.??"]

{6/(18)} 1. e4 d5 2. exd5 Nf6 3. d4 Nxd5 4. c4 Nb6 5. Nf3 Bg4 6. Be3 c6 7. Nbd2
g6 8. h3 Bf5 9. Be2 Bg7 10. O-O N8d7 11. Nh4 Be6 12. f4 f6 13. Qc2 Bf7 14. Nhf3
Qc7 15. a4 Rd8 16. Rae1 Bh6 17. Nh2 e5 18. Bd3 O-O 19. dxe5 fxe5 20. f5 Bxe3+
21. Rxe3 Kg7 22. Ng4 Be8 23. a5 Nc8 24. Qc3 Rf7 25. Nf3 Ne7 26. Nfxe5 Nxe5 27.
Nxe5 Rxd3 28. Rxd3 Rxf5 29. Ng4+ Kf8 30. Qh8+ Ng8 31. Rxf5+ gxf5 32. Nh6 Qg7
33. Qxg8+ Qxg8 34. Nxg8 Kxg8 35. Rd8 Kf7 36. Rb8 1-0

[Event "Eastpointe (US Am N/2/17)"]
[Site "?"]
[Date "1994.??.??"]
[Round "?"]
[White "Scott, Steven"]
[Black "Vaka, Flamur"]
[Result "1/2-1/2"]
[WhiteElo "1860"]
[BlackElo "1635"]
[PlyCount "51"]
[EventDate "1994.??.??"]

{2/(17)} 1. Nf3 e6 2. e4 d5 3. exd5 exd5 4. d4 Bf5 5. Be2 Nf6 6. Nbd2 c6 7. O-O
Bd6 8. Re1 O-O 9. Nf1 Nbd7 10. Ng3 Bg6 11. Bd3 Qb6 12. Nf5 Bxf5 13. Bxf5 Rfe8
14. Rxe8+ Rxe8 15. c3 Qc7 16. a3 Bf4 17. Bxf4 Qxf4 18. Bxd7 Nxd7 19. Qc2 Nf6
20. Re1 Rxe1+ 21. Nxe1 Qe4 22. Qd1 h6 23. Nf3 Qf4 24. Qd2 Qxd2 25. Nxd2 Kf8 26.
Kf1 1/2-1/2

[Event "Eastpointe (US Am N/4/21)"]
[Site "?"]
[Date "1994.??.??"]
[Round "?"]
[White "Scott, Steven"]
[Black "McGrath, Michael"]
[Result "1-0"]
[WhiteElo "1860"]
[BlackElo "1735"]
[PlyCount "120"]
[EventDate "1994.??.??"]

{4/(21)} 1. e4 e5 2. Nf3 d6 3. Bc4 Be7 4. d4 exd4 5. Qxd4 Nf6 6. O-O O-O 7. Re1
Nc6 8. Qd3 Bg4 9. Nc3 Nb4 10. Qd1 Bxf3 11. gxf3 Qd7 12. Bg5 Nh5 13. Be3 Qh3 14.
Bf1 Qh4 15. Qd2 f5 16. exf5 Rxf5 17. Bg2 Raf8 18. Rad1 Bf6 19. Ne4 Be5 20. Ng3
Nxg3 21. fxg3 Qc4 22. c3 Nc6 23. f4 Bf6 24. Bd5+ Rxd5 25. Qxd5+ Qxd5 26. Rxd5
a6 27. Rdd1 g6 28. Bd2 Rd8 29. Be3 Ne7 30. Bd4 Kf7 31. Bxf6 Kxf6 32. Re2 d5 33.
Rde1 Rd7 34. Kg2 c5 35. Re6+ Kf7 36. g4 d4 37. cxd4 cxd4 38. Rxe7+ Rxe7 39.
Rxe7+ Kxe7 40. Kf3 Kd6 41. Ke4 Kc5 42. b3 a5 43. f5 gxf5+ 44. gxf5 d3 45. Kxd3
Kd5 46. f6 Ke6 47. f7 Kxf7 48. Kc4 Ke6 49. Kb5 Kd7 50. Kxa5 Kc6 51. Kb4 h5 52.
h4 Kb6 53. a4 Ka6 54. a5 Ka7 55. Kb5 Kb8 56. Kb6 Kc8 57. b4 Kb8 58. b5 Ka8 59.
Kc7 Ka7 60. b6+ Ka8 1-0

[Event "Detroit (Class DE/1/5)"]
[Site "?"]
[Date "1994.??.??"]
[Round "?"]
[White "Scott, A."]
[Black "Vangilder, W."]
[Result "0-1"]
[WhiteElo "1605"]
[BlackElo "1605"]
[PlyCount "46"]
[EventDate "1994.??.??"]

{1/(5)} 1. e4 Nc6 2. Nf3 d6 3. Bb5 Bg4 4. d4 a6 5. Bxc6+ bxc6 6. Nc3 e6 7. d5
cxd5 8. exd5 e5 9. O-O Nf6 10. Bg5 Be7 11. Bxf6 Bxf6 12. h3 Bh5 13. Qd3 Bg6 14.
Qd2 O-O 15. Rfe1 Qd7 16. Ne4 Be7 17. c4 h6 18. Rac1 Qa4 19. a3 Rab8 20. c5 Bxe4
21. cxd6 Bxd6 22. Qe2 Bxd5 23. Nxe5 Rfe8 0-1

[Event "Detroit (Class DE/5/16)"]
[Site "?"]
[Date "1994.??.??"]
[Round "?"]
[White "Scott, A."]
[Black "Banks, David"]
[Result "0-1"]
[WhiteElo "1605"]
[BlackElo "1605"]
[PlyCount "52"]
[EventDate "1994.??.??"]

{5/(16)} 1. e4 e5 2. Nf3 Nc6 3. Bb5 Nd4 4. Nxd4 exd4 5. d3 c6 6. Bc4 d5 7. exd5
cxd5 8. Bb5+ Bd7 9. Bxd7+ Qxd7 10. O-O Nf6 11. Bg5 Be7 12. Re1 O-O 13. c3 dxc3
14. Nxc3 d4 15. Bxf6 Bxf6 16. Ne4 Qc6 17. Rc1 Qa6 18. Nxf6+ Qxf6 19. Rc7 Qb6
20. Rc2 Rac8 21. Ree2 Rxc2 22. Rxc2 Qe6 23. a3 Rc8 24. Rxc8+ Qxc8 25. Qa4 Qc1+
26. Qd1 Qxd1# 0-1

[Event "Detroit (Class DE/3/20)"]
[Site "?"]
[Date "1994.??.??"]
[Round "?"]
[White "Scott, A."]
[Black "Aldrich, Justin"]
[Result "1/2-1/2"]
[WhiteElo "1605"]
[BlackElo "1605"]
[PlyCount "109"]
[EventDate "1994.??.??"]

{3/(20)} 1. e4 e5 2. Nf3 Nc6 3. Bb5 d6 4. Bxc6+ bxc6 5. Nc3 Nf6 6. d3 Bg4 7.
Bg5 Be7 8. h3 Bxf3 9. Qxf3 Rb8 10. b3 O-O 11. O-O Re8 12. Rad1 d5 13. exd5 cxd5
14. Bxf6 Bxf6 15. Nxd5 Re6 16. Nxf6+ Rxf6 17. Qg3 Qd4 18. c3 Qxc3 19. d4 Qxg3
20. fxg3 Rxf1+ 21. Kxf1 Rd8 22. Ke2 f6 23. dxe5 Rxd1 24. Kxd1 fxe5 25. Ke2 Kf7
26. Ke3 Kf6 27. Ke4 Ke6 28. g4 g6 29. g3 a5 30. a3 c5 31. h4 a4 32. bxa4 c4 33.
Ke3 Kd5 34. a5 c3 35. Kd3 e4+ 36. Kxc3 e3 37. Kd3 e2 38. Kxe2 Kc5 39. a6 Kb6
40. h5 Kxa6 41. hxg6 hxg6 42. Ke3 Ka5 43. Kf4 Ka4 44. Ke5 Kxa3 45. Kf6 Kb4 46.
Kxg6 Kc5 47. Kh5 Kd6 48. g5 Ke7 49. Kg6 Kf8 50. Kf6 Kg8 51. g6 Kf8 52. g7+ Kg8
53. g4 Kh7 54. Kf7 Kh6 55. g8=Q 1/2-1/2

[Event "Detroit (MOR/6/33)"]
[Site "?"]
[Date "1994.??.??"]
[Round "?"]
[White "Scioly, Tony"]
[Black "Vangilder, W."]
[Result "1-0"]
[WhiteElo "1605"]
[BlackElo "1605"]
[PlyCount "69"]
[EventDate "1994.??.??"]

{6/(33)} 1. e4 Nc6 2. Nf3 d6 3. d4 Nf6 4. Nc3 Bg4 5. Bb5 a6 6. Bxc6+ bxc6 7.
O-O e6 8. Qd3 Bxf3 9. gxf3 d5 10. Bg5 Be7 11. Ne2 Nd7 12. Bf4 Nb6 13. Rae1 Bd6
14. Bg3 O-O 15. e5 Be7 16. Kh1 c5 17. c3 cxd4 18. cxd4 Qc8 19. Rg1 c5 20. f4
cxd4 21. Nxd4 Bc5 22. Rc1 Nd7 23. b4 Qb7 24. bxc5 Qc7 25. c6 Nb6 26. f5 Nc4 27.
fxe6 Nxe5 28. Qf5 f6 29. Rce1 Rae8 30. Bxe5 fxe5 31. Qxe5 Qe7 32. Nf5 Rxf5 33.
Qxf5 Rf8 34. Qc2 Rf6 35. c7 1-0

[Event "Grand Rapids (MI Am/2/7)"]
[Site "?"]
[Date "1994.??.??"]
[Round "?"]
[White "Scioly, Tony"]
[Black "Skidmore, Mike"]
[Result "0-1"]
[WhiteElo "1605"]
[BlackElo "1900"]
[PlyCount "76"]
[EventDate "1994.??.??"]

{2/(7)} 1. e4 c6 2. d4 d5 3. Nc3 dxe4 4. Nxe4 Nd7 5. Nf3 Ndf6 6. Ng3 Bg4 7. Be2
e6 8. O-O Bd6 9. Ne5 Bxe2 10. Qxe2 Qc7 11. f4 O-O-O 12. c4 h5 13. Bd2 h4 14.
Ne4 Nxe4 15. Qxe4 Nf6 16. Qc2 Bxe5 17. fxe5 Nh5 18. Be3 Qe7 19. Rad1 Ng3 20.
Rf3 Nf5 21. d5 Nxe3 22. Rxe3 Qc5 23. Qc3 exd5 24. cxd5 Rxd5 25. Qxc5 Rxc5 26.
Rf1 Re8 27. Rxf7 Rcxe5 28. Rxe5 Rxe5 29. Kf2 g5 30. g4 Rd5 31. Ke3 c5 32. b3 a6
33. h3 b6 34. Rf5 Rxf5 35. gxf5 Kd7 36. Kf3 Ke7 37. Kg4 Kf6 38. a3 b5 0-1

[Event "Detroit (MOR/2/3)"]
[Site "?"]
[Date "1994.??.??"]
[Round "?"]
[White "Scioly, Tony"]
[Black "Rosenberg, Steve"]
[Result "0-1"]
[WhiteElo "1605"]
[BlackElo "1770"]
[PlyCount "116"]
[EventDate "1994.??.??"]

{2/(3)} 1. e4 d5 2. exd5 Qxd5 3. Nc3 Qa5 4. Nf3 Nf6 5. d4 c6 6. Be2 Nbd7 7. O-O
e5 8. dxe5 Nxe5 9. Re1 Be7 10. Bf4 Nxf3+ 11. Bxf3 Be6 12. Re5 Qb4 13. Qd2 Rd8
14. Qe3 O-O 15. Bg5 Nd7 16. Bxe7 Qxe7 17. Re4 Nf6 18. Re5 Qc7 19. Rg5 g6 20.
Qxa7 Rd2 21. Ne4 Nxe4 22. Bxe4 Qd8 23. h4 h6 24. Rg3 Qxh4 25. Bd3 Qh5 26. Qe3
Rd1+ 27. Rxd1 Qxd1+ 28. Kh2 Qh5+ 29. Kg1 Re8 30. Qf3 Qh4 31. b3 Bd5 32. Qg4 Qf6
33. c4 Re1+ 34. Kh2 Be6 35. Qf3 Qh4+ 36. Rh3 Bxh3 37. gxh3 Qe7 38. Qg3 Qe5 39.
Qxe5 Rxe5 40. Kg3 f5 41. Kf4 Ra5 42. a4 g5+ 43. Kf3 Kg7 44. Ke3 Kf6 45. Kf3 Re5
46. Kg3 h5 47. Kf3 g4+ 48. hxg4 fxg4+ 49. Kg3 Kg5 50. f4+ gxf3 51. Kxf3 h4 52.
b4 h3 53. Bf1 Kh4 54. b5 cxb5 55. cxb5 Rf5+ 56. Ke2 Kg3 57. Bxh3 Kxh3 58. Kd3
Kg3 0-1

[Event "Grand Rapids (MI Am/4/20)"]
[Site "?"]
[Date "1994.??.??"]
[Round "?"]
[White "Scioly, Tony"]
[Black "Nolan, Brian"]
[Result "1/2-1/2"]
[WhiteElo "1605"]
[BlackElo "1605"]
[PlyCount "106"]
[EventDate "1994.??.??"]

{4/(20)} 1. e4 c5 2. Nf3 d6 3. d4 cxd4 4. Nxd4 Nf6 5. Nc3 g6 6. Bc4 Bg7 7. O-O
O-O 8. Bb3 Nc6 9. Nxc6 bxc6 10. Bg5 Bd7 11. Qd2 Re8 12. Rad1 Be6 13. Ba4 Qc7
14. f4 Rab8 15. f5 Bc4 16. Rf3 Bb5 17. Bxb5 cxb5 18. fxg6 fxg6 19. Kh1 b4 20.
Bxf6 bxc3 21. Rxc3 Qa5 22. Bxg7 Kxg7 23. Qd4+ e5 24. Qe3 Rxb2 25. h3 Qb6 26.
Qxb6 Rxb6 27. Rc7+ Kg8 28. Rxa7 Rc8 29. Rf1 Rf8 30. Rxf8+ Kxf8 31. Rxh7 Rb2 32.
Rd7 Rxa2 33. Rxd6 Kf7 34. Rd2 Kf6 35. Kg1 Kg5 36. g3 Ra4 37. Re2 Rc4 38. Kf2
Kh5 39. Kf3 Rc3+ 40. Re3 Rxc2 41. Rd3 Kg5 42. Rd5 Kf6 43. Rd6+ Kf7 44. Kg4 Rg2
45. Kf3 Rc2 46. Rd7+ Kf6 47. Rd6+ Kf7 48. h4 Rc3+ 49. Kg4 Re3 50. Rb6 Rxe4+ 51.
Kg5 Re3 52. g4 Re4 53. Rxg6 Rxg4+ 1/2-1/2

[Event "Detroit (MOR/4/44)"]
[Site "?"]
[Date "1994.??.??"]
[Round "?"]
[White "Scioly, Tony"]
[Black "Mitchell, Dave"]
[Result "1-0"]
[WhiteElo "1605"]
[BlackElo "1605"]
[PlyCount "50"]
[EventDate "1994.??.??"]

{4/(44)} 1. e4 d5 2. exd5 Qxd5 3. Nc3 Qa5 4. d4 Nf6 5. Nf3 Bg4 6. Be2 e6 7. O-O
Bd6 8. h3 Bxf3 9. Bxf3 c6 10. Re1 O-O 11. Ne2 Na6 12. c3 Rad8 13. b4 Qc7 14.
Qc2 Rfe8 15. Bg5 Be7 16. a4 Nd5 17. Bxe7 Rxe7 18. Ng3 Red7 19. Re5 Naxb4 20.
cxb4 Nxb4 21. Qc3 Rxd4 22. Rg5 Qe7 23. Rg4 Qf6 24. Qc1 h6 25. Nh5 Rxg4 1-0

[Event "Detroit (MOR/7/21)"]
[Site "?"]
[Date "1994.??.??"]
[Round "?"]
[White "Scioly, Tony"]
[Black "Iyer, Krishnan"]
[Result "0-1"]
[WhiteElo "1605"]
[BlackElo "1605"]
[PlyCount "80"]
[EventDate "1994.??.??"]

{7/(21)} 1. e4 b6 2. b3 Bb7 3. d3 e6 4. Bb2 Nc6 5. g3 Nge7 6. Bg2 d6 7. Nf3 Qd7
8. Nc3 O-O-O 9. O-O h6 10. Qd2 Ne5 11. a4 a6 12. a5 b5 13. b4 Nxf3+ 14. Bxf3 d5
15. Bg2 d4 16. Ne2 Nc6 17. Ba3 g5 18. Rfd1 Bg7 19. c4 dxc3 20. Nxc3 Qd4 21. Ne2
Qxa1 22. Rxa1 Bxa1 23. Bb2 Bxb2 24. Qxb2 e5 25. Qb3 Rhf8 26. f4 f6 27. fxe5
Nxe5 28. d4 Nc4 29. h4 gxh4 30. gxh4 Rg8 31. Kf2 f5 32. Bh3 Bxe4 33. Ng3 Rxd4
34. Nxe4 Kb8 35. Nc5 Rd2+ 36. Kf3 Rh2 37. Qd1 Rxh3+ 38. Kf2 Ne3 39. Qd7 Rg2+
40. Ke1 Rh1# 0-1

[Event "Gaylord (NMO/3/19)"]
[Site "?"]
[Date "1994.??.??"]
[Round "?"]
[White "Schlak, G."]
[Black "Yahkind, Andrew"]
[Result "0-1"]
[WhiteElo "1605"]
[BlackElo "1605"]
[PlyCount "54"]
[EventDate "1994.??.??"]

{3/(19)} 1. e4 e5 2. Nf3 Nc6 3. Bb5 Nf6 4. Bxc6 bxc6 5. Nxe5 Nxe4 6. Rf1 Bd6 7.
Nxf7 Kxf7 8. Qf3+ Nf6 9. Kd1 Re8 10. Nc3 Kg8 11. d4 Ba6 12. Ne2 Bxe2+ 13. Ke1
Bxf3+ 14. Kd2 Nd5 15. Re1 Bf4+ 16. Kd3 Rxe1 17. Bxf4 Nxf4+ 18. Kc3 Rb8 19. Rxe1
Nd5+ 20. Kc4 Rb4+ 21. Kd3 Bxg2 22. c3 Nf4+ 23. Ke3 Nd5+ 24. Ke2 Rxb2+ 25. Kd3
Qb8 26. f4 Nxf4+ 27. Kc4 Qb5# 0-1

[Event "Gaylord (NMO/1/16)"]
[Site "?"]
[Date "1994.??.??"]
[Round "?"]
[White "Schlak, G."]
[Black "Rosebrook, G."]
[Result "0-1"]
[WhiteElo "1605"]
[BlackElo "1605"]
[PlyCount "46"]
[EventDate "1994.??.??"]

{1/(16)} 1. e3 d5 2. Bb5+ c6 3. d3 cxb5 4. Nf3 Nc6 5. d4 Nf6 6. Nc3 a6 7. Bd2
g6 8. Qe2 Bg7 9. O-O-O Qc7 10. Nxd5 Nxd5 11. Rhe1 Bg4 12. Nh4 Bxe2 13. Rxe2
Qxh2 14. Nf3 Qxg2 15. Be1 Qxf3 16. Red2 O-O 17. a4 Bh6 18. Rd3 Rfc8 19. Bb4
Ndxb4 20. Rb3 bxa4 21. Rxb4 Nxb4 22. d5 Qxf2 23. d6 Qxc2# 0-1

[Event "Detroit (MCO/B/3a/1)"]
[Site "?"]
[Date "1994.??.??"]
[Round "?"]
[White "Schey, Danny"]
[Black "Tracz, J."]
[Result "1/2-1/2"]
[WhiteElo "1705"]
[BlackElo "1755"]
[PlyCount "87"]
[EventDate "1994.??.??"]

1. c4 Nf6 2. Nc3 d5 3. cxd5 Nxd5 4. g3 g6 5. Bg2 Nxc3 6. bxc3 Bg7 7. Rb1 c6 8.
d4 Qa5 9. Qd2 O-O 10. Nf3 Nd7 11. c4 Qxd2+ 12. Bxd2 Nb6 13. c5 Nc4 14. Bc3 Rd8
15. Rb4 Na3 16. Kd2 Nb5 17. Bb2 e5 18. e3 exd4 19. exd4 Be6 20. Re1 Rd7 21. a4
a5 22. Rxb5 cxb5 23. axb5 Rc8 24. Ne5 Rdd8 25. c6 bxc6 26. Nxc6 Re8 27. Ra1 Bc4
28. Rxa5 Bh6+ 29. Kc3 Re2 30. Kxc4 Rxb2 31. Kd5 Bf8 32. Bf1 Rxf2 33. b6 Rf5+
34. Ne5 Rxf1 35. b7 Rb8 36. Ra7 Rf5 37. Kc6 Rf6+ 38. Kd7 Rd6+ 39. Kc7 Rxd4 40.
Nc6 Bd6+ 41. Kb6 Rxb7+ 42. Rxb7 Rd2 43. Nd8 Rb2+ 44. Kc6 1/2-1/2

[Event "Eastpointe (US Am N/4/27)"]
[Site "?"]
[Date "1994.??.??"]
[Round "?"]
[White "Schey, Danny"]
[Black "Strenio, G."]
[Result "1-0"]
[WhiteElo "1685"]
[BlackElo "1605"]
[PlyCount "121"]
[EventDate "1994.??.??"]

{4/(27)} 1. Nf3 Nf6 2. g3 d5 3. Bg2 b6 4. O-O Bb7 5. d3 Nbd7 6. Nbd2 e5 7. c4
d4 8. Re1 Bd6 9. Nf1 O-O 10. e3 c5 11. exd4 exd4 12. h4 Qc7 13. Bg5 Rae8 14.
Qd2 Ne5 15. N1h2 Nxf3+ 16. Nxf3 Ng4 17. h5 Nxf2 18. Kxf2 Bxg3+ 19. Kf1 Bxe1 20.
Rxe1 Bxf3 21. Bxf3 Qg3 22. Be4 f6 23. Bf4 Qh4 24. Qh2 Qxh2 25. Bxh2 f5 26. Bd5+
Kh8 27. Rxe8 Rxe8 28. Bf4 Re7 29. Bg5 Re8 30. h6 Rf8 31. Bf4 Re8 32. Kf2 gxh6
33. Bxh6 f4 34. Be4 Re6 35. Bxf4 h6 36. Kg3 Kg7 37. Kg4 a6 38. Kf5 Rf6+ 39. Ke5
b5 40. b3 bxc4 41. bxc4 Rb6 42. Kd5 Rb2 43. Kxc5 Rxa2 44. Be5+ Kf7 45. Bxd4 a5
46. Kd6 a4 47. Bd5+ Kg6 48. c5 Rc2 49. c6 a3 50. c7 h5 51. Be6 h4 52. c8=Q Rxc8
53. Bxc8 Kg5 54. Ke5 Kg6 55. Ba1 Kf7 56. d4 Ke7 57. d5 Kd8 58. Bf5 Ke7 59. d6+
Kd8 60. Ke6 a2 61. Bf6+ 1-0